|
|
|
|
| LEADER |
00875nab a2200217 i 4500 |
| 001 |
acta6284 |
| 005 |
20220919155005.0 |
| 008 |
161015s1958 hu o 0|| rus d |
| 022 |
|
|
|a 0324-6523
|
| 040 |
|
|
|a SZTE Egyetemi Kiadványok Repozitórium
|b hun
|
| 041 |
|
|
|a rus
|
| 041 |
|
|
|a ita
|
| 100 |
1 |
|
|a Pólay Elemér
|
| 245 |
1 |
0 |
|a Il carattere e luogo delle regole delle relazioni interstatali nel sistema del diritto
|h [elektronikus dokumentum] /
|c Pólay Elemér
|
| 260 |
|
|
|a Szegedi Tudományegyetem Állam- és Jogtudományi Kara
|b Szeged
|c 1958
|
| 300 |
|
|
|a 279-305
|
| 490 |
0 |
|
|a Acta Universitatis Szegediensis : acta juridica et politica
|v 5 No. 1-15
|
| 650 |
|
4 |
|a Társadalomtudományok
|
| 650 |
|
4 |
|a Jogtudomány
|
| 695 |
|
|
|a Római jog - államközi kapcsolatok - jogi szabályozás
|
| 856 |
4 |
0 |
|u http://acta.bibl.u-szeged.hu/6284/1/juridpol_005_279-305.pdf
|z Dokumentum-elérés
|